Statistiques concernant Coupe du Monde 1974: Un joueur, une équipe

Cliquez ici pour prendre le quiz!

Statistiques générales

  • Ce quiz a été pris 48 fois
  • Le résultat moyen est 14 sur 16

Statistiques - réponses

Réponse% Correct
Allemagne de l'Ouest
100%
Argentine
100%
Brésil
100%
Italie
100%
Pays-Bas
100%
Suède
100%
Pologne
98%
Bulgarie
93%
Yougoslavie
93%
Allemagne de l'Est
91%
Ecosse
88%
Zaïre
84%
Uruguay
81%
Chili
79%
Australie
70%
Haïti
60%

Distribution des résultats

Percentile par nombre de réponses

% des personnes avec chaque résultat

Votre développement - résultats

Vous n’avez pas pris ce quiz